书目信息 |
| 题名: |
毛泽东经济思想研究
|
|
| 作者: | 陈益寿 | |
| 分册: | ||
| 出版信息: | 北京 经济科学出版社 1993 |
|
| 页数: | 282 | |
| 开本: | 20cm | |
| 丛书名: | ||
| 单 册: | ||
| 中图分类: | A75 | |
| 科图分类: | ||
| 主题词: | 毛泽东--生平事迹 , 毛泽东--传记 | |
| 电子资源: | ||
| ISBN: | ||
| 000 | 00529nam0 2200193 450 | |
| 001 | 0735257515 | |
| 005 | 20070904094737.51 | |
| 010 | @d5.20 | |
| 100 | @a20070904d km y0chiy0120 ea | |
| 101 | 0 | @achi |
| 200 | 1 | @a毛泽东经济思想研究@Amao ze dong jing ji si xiang yan jiu@f陈益寿@Fchen yi shou |
| 210 | @a北京@c经济科学出版社@d1993 | |
| 215 | @a282@d20cm | |
| 606 | 0 | @a毛泽东@x生平事迹 |
| 606 | 0 | @a毛泽东@x传记 |
| 690 | @aA75@v3 | |
| 701 | 0 | @a陈益寿@Achen yi shou |
| 801 | 0 | @aCN@bPFT@c20070904 |
| 905 | @a213230@dA75@ea15@f1 | |
| 毛泽东经济思想研究/陈益寿.-北京:经济科学出版社,1993 |
| 282;20cm |
| ISBN :5.20 |
| ● |
| 相关链接 |
|
|
|
|
正题名:毛泽东经济思想研究
索取号:A75/a15
 
预约/预借
| 序号 | 登录号 | 条形码 | 馆藏地/架位号 | 状态 | 备注 |
| 1 | 7500137 | 275001374 | 史法系资料室/ [索取号:A75/a15] | 在馆 |